The lineman's and cableman's handbook
שמור ב:
| מחבר ראשי: | |
|---|---|
| פורמט: | ספר |
| שפה: | Undetermined |
| יצא לאור: |
New York, NY
McGraw-Hill
2002
|
| נושאים: | |
| תגים: |
הוספת תג
אין תגיות, היה/י הראשונ/ה לתייג את הרשומה!
|
| Thư viện lưu trữ: | Trung tâm Học liệu Trường Đại học Cần Thơ |
|---|
| LEADER | 00564nam a2200193Ia 4500 | ||
|---|---|---|---|
| 001 | CTU_61483 | ||
| 008 | 210402s9999 xx 000 0 und d | ||
| 020 | |c 1204000 | ||
| 082 | |a 621.31934 | ||
| 082 | |b S559 | ||
| 100 | |a Shoemaker, Thomas M. | ||
| 245 | 4 | |a The lineman's and cableman's handbook | |
| 245 | 0 | |c Thomas M. Shoemaker and James E. Mack | |
| 260 | |a New York, NY | ||
| 260 | |b McGraw-Hill | ||
| 260 | |c 2002 | ||
| 650 | |a Electric power distribution,Electric lines | ||
| 904 | |i Minh,Hải | ||
| 980 | |a Trung tâm Học liệu Trường Đại học Cần Thơ | ||